• 首页
  • 本馆介绍
  • 公告通知
  • 最新文献
  • 馆藏检索
  • 电子资源
  • 读者导购
  • 参考咨询
  • 我的图书馆
  • 登录
  • 详细信息显示
  • 放入我的书架
  • 预约/预借图书
  • 作者相关作品
  • 分类相关作品
  • 丛书相关作品
  • 出版社相关作品

书目信息

  • 表格格式
  • 工作单格式
  • 卡片格式
题名:
脂肪酶与手性拆分
    
 
作者: 熊健 , Q556 著
分册:  
出版信息: 北京   中国原子能出版社  2020
页数: 137页
开本: 24cm
丛书名:
单 册:
中图分类: Q556
科图分类:
主题词: 脂肪酶
电子资源:
ISBN: 978-7-5221-0655-7
000 00756nam0 2200229 450
001 2344954425
005 20231201122927.06
010    @a978-7-5221-0655-7@dCNY60.00
100    @a20210108d2020 em y0chiy50 ea
101 0  @achi
102    @aCN@b110000
105    @ay z 000yy
200 1  @a脂肪酶与手性拆分@Azhi fang mei yu shou xing chai fen@f熊健,陈雅维著
210    @a北京@c中国原子能出版社@d2020
215    @a137页@d24cm
330    @a本书以文献报道的脂肪酶手性拆分过程为基础,以国内外科研进展为素材,内容涉及脂肪酶的来源、纯化、活性以及在手性拆分中的应用等内容。
606 0  @a脂肪酶
690    @aQ556@v5
701  0 @a熊健@Axiong jian@c(生物化学)@4著
701 酶  @aQ556@v5 0@a熊健@Axio
801  0 @aCN@b91MARC@c20210808
905    @aZUCC@dQ556@e1
    
    脂肪酶与手性拆分/熊健,陈雅维著.-北京:中国原子能出版社,2020
    137页;24cm
    
    
    ISBN 978-7-5221-0655-7:CNY60.00
    本书以文献报道的脂肪酶手性拆分过程为基础,以国内外科研进展为素材,内容涉及脂肪酶的来源、纯化、活性以及在手性拆分中的应用等内容。
●
相关链接 在五车中查询图书 在当当中查询图书 在豆瓣中查询图书


正题名:脂肪酶与手性拆分     索取号:Q556/1         预约/预借

序号 登录号 条形码 馆藏地/架位号 状态 备注
1 2001258105   2001258105   辽宁北方(第一批)/辽宁北方(第一批)/118/ [索取号:Q556/1] 在馆    
2 2001258106   2001258106   辽宁北方(第一批)/辽宁北方(第一批)/118/ [索取号:Q556/1] 在馆    
3 2001258107   2001258107   辽宁北方(第一批)/辽宁北方(第一批)/118/ [索取号:Q556/1] 在馆    
4 2001258108   2001258108   辽宁北方(第一批)/辽宁北方(第一批)/118/ [索取号:Q556/1] 在馆    
5 2001258109   2001258109   辽宁北方(第一批)/辽宁北方(第一批)/118/ [索取号:Q556/1] 在馆    
6 2001258110   2001258110   辽宁北方(第一批)/辽宁北方(第一批)/118/ [索取号:Q556/1] 在馆    
山东省滨州职业学院图书馆 欢迎您!
大连网信软件有限公司© 版权所有